<?xml version="1.0" encoding="UTF-8"?>
<record
    xmlns:xsi="http://www.w3.org/2001/XMLSchema-instance"
    xsi:schemaLocation="http://www.loc.gov/MARC21/slim http://www.loc.gov/standards/marcxml/schema/MARC21slim.xsd"
    xmlns="http://www.loc.gov/MARC21/slim">

  <leader>00486    a2200157   4500</leader>
  <controlfield tag="003">OSt</controlfield>
  <controlfield tag="005">20240127154706.0</controlfield>
  <controlfield tag="008">231214b        |||||||| |||| 00| 0 eng d</controlfield>
  <datafield tag="020" ind1=" " ind2=" ">
    <subfield code="a">9788194192602</subfield>
  </datafield>
  <datafield tag="040" ind1=" " ind2=" ">
    <subfield code="c">oclc</subfield>
  </datafield>
  <datafield tag="082" ind1=" " ind2=" ">
    <subfield code="a">621.38195 	</subfield>
    <subfield code="b">RAM/F</subfield>
  </datafield>
  <datafield tag="100" ind1=" " ind2=" ">
    <subfield code="a">Ram, B</subfield>
    <subfield code="9">1052</subfield>
  </datafield>
  <datafield tag="245" ind1=" " ind2=" ">
    <subfield code="a">Fundamentals of microprocessors and microcontrollers /</subfield>
    <subfield code="c">B Ram</subfield>
  </datafield>
  <datafield tag="260" ind1=" " ind2=" ">
    <subfield code="b">Dhanpat Rai Publications,</subfield>
    <subfield code="c">2022.</subfield>
  </datafield>
  <datafield tag="942" ind1=" " ind2=" ">
    <subfield code="2">ddc</subfield>
    <subfield code="c">BK</subfield>
    <subfield code="h">621.38195 	</subfield>
    <subfield code="i">RAM/F</subfield>
    <subfield code="k">621.38195 	</subfield>
    <subfield code="m">RAM/F</subfield>
  </datafield>
  <datafield tag="952" ind1=" " ind2=" ">
    <subfield code="0">0</subfield>
    <subfield code="1">0</subfield>
    <subfield code="2">ddc</subfield>
    <subfield code="4">0</subfield>
    <subfield code="7">0</subfield>
    <subfield code="8">APHY</subfield>
    <subfield code="a">MES</subfield>
    <subfield code="b">MES</subfield>
    <subfield code="c">PHY</subfield>
    <subfield code="d">2023-12-14</subfield>
    <subfield code="l">7</subfield>
    <subfield code="m">12</subfield>
    <subfield code="o">621.38195 	 RAM/F</subfield>
    <subfield code="p">44135</subfield>
    <subfield code="q">2026-06-09</subfield>
    <subfield code="r">2026-04-28 12:15:42</subfield>
    <subfield code="s">2026-04-28</subfield>
    <subfield code="t">5</subfield>
    <subfield code="v">335.00</subfield>
    <subfield code="w">2023-12-14</subfield>
    <subfield code="y">BK</subfield>
    <subfield code="z">GL16R3</subfield>
  </datafield>
  <datafield tag="952" ind1=" " ind2=" ">
    <subfield code="0">0</subfield>
    <subfield code="1">0</subfield>
    <subfield code="2">ddc</subfield>
    <subfield code="4">0</subfield>
    <subfield code="7">0</subfield>
    <subfield code="8">APHY</subfield>
    <subfield code="a">MES</subfield>
    <subfield code="b">MES</subfield>
    <subfield code="c">PHY</subfield>
    <subfield code="d">2023-12-14</subfield>
    <subfield code="l">7</subfield>
    <subfield code="m">12</subfield>
    <subfield code="o">621.38195 	 RAM/F</subfield>
    <subfield code="p">44134</subfield>
    <subfield code="q">2026-06-09</subfield>
    <subfield code="r">2026-04-28 12:02:05</subfield>
    <subfield code="s">2026-04-28</subfield>
    <subfield code="t">4</subfield>
    <subfield code="v">335.00</subfield>
    <subfield code="w">2023-12-14</subfield>
    <subfield code="y">BK</subfield>
    <subfield code="z">GL16R3</subfield>
  </datafield>
  <datafield tag="952" ind1=" " ind2=" ">
    <subfield code="0">0</subfield>
    <subfield code="1">0</subfield>
    <subfield code="2">ddc</subfield>
    <subfield code="4">0</subfield>
    <subfield code="7">0</subfield>
    <subfield code="8">APHY</subfield>
    <subfield code="a">MES</subfield>
    <subfield code="b">MES</subfield>
    <subfield code="c">PHY</subfield>
    <subfield code="d">2023-12-14</subfield>
    <subfield code="l">7</subfield>
    <subfield code="m">11</subfield>
    <subfield code="o">621.38195 	 RAM/F</subfield>
    <subfield code="p">44133</subfield>
    <subfield code="q">2026-06-09</subfield>
    <subfield code="r">2026-04-28 12:14:38</subfield>
    <subfield code="s">2026-04-28</subfield>
    <subfield code="t">3</subfield>
    <subfield code="v">335.00</subfield>
    <subfield code="w">2023-12-14</subfield>
    <subfield code="y">BK</subfield>
    <subfield code="z">GL16R3</subfield>
  </datafield>
  <datafield tag="952" ind1=" " ind2=" ">
    <subfield code="0">0</subfield>
    <subfield code="1">0</subfield>
    <subfield code="2">ddc</subfield>
    <subfield code="4">0</subfield>
    <subfield code="7">0</subfield>
    <subfield code="8">APHY</subfield>
    <subfield code="a">MES</subfield>
    <subfield code="b">MES</subfield>
    <subfield code="c">PHY</subfield>
    <subfield code="d">2023-12-14</subfield>
    <subfield code="l">7</subfield>
    <subfield code="m">14</subfield>
    <subfield code="o">621.38195 	 RAM/F</subfield>
    <subfield code="p">44132</subfield>
    <subfield code="q">2026-06-09</subfield>
    <subfield code="r">2026-04-28 12:00:17</subfield>
    <subfield code="s">2026-04-28</subfield>
    <subfield code="t">2</subfield>
    <subfield code="v">335.00</subfield>
    <subfield code="w">2023-12-14</subfield>
    <subfield code="y">BK</subfield>
    <subfield code="z">GL16R3</subfield>
  </datafield>
  <datafield tag="952" ind1=" " ind2=" ">
    <subfield code="0">0</subfield>
    <subfield code="1">0</subfield>
    <subfield code="2">ddc</subfield>
    <subfield code="4">0</subfield>
    <subfield code="7">0</subfield>
    <subfield code="8">APHY</subfield>
    <subfield code="a">MES</subfield>
    <subfield code="b">MES</subfield>
    <subfield code="c">PHY</subfield>
    <subfield code="d">2023-12-14</subfield>
    <subfield code="l">7</subfield>
    <subfield code="m">13</subfield>
    <subfield code="o">621.38195 	 RAM/F</subfield>
    <subfield code="p">44131</subfield>
    <subfield code="q">2026-06-09</subfield>
    <subfield code="r">2026-04-28 11:59:19</subfield>
    <subfield code="s">2026-04-28</subfield>
    <subfield code="t">1</subfield>
    <subfield code="v">335.00</subfield>
    <subfield code="w">2023-12-14</subfield>
    <subfield code="y">BK</subfield>
    <subfield code="z">GL16R3</subfield>
  </datafield>
  <datafield tag="999" ind1=" " ind2=" ">
    <subfield code="c">44206</subfield>
    <subfield code="d">44206</subfield>
  </datafield>
</record>
